Biggest YouTube Channels Over Time - Statistics

General Stats
  • This quiz has been taken 20 times
  • The average score is 7 of 32
Answer Stats
Channel % Correct
PewDiePie
90%
Smosh
70%
T-Series
60%
JustinBieber
50%
JustinBieberVEVO
40%
KatyPerryVEVO
40%
nigahiga
40%
OneDirectionVEVO
30%
RayWilliamJohnson
30%
RihannaVEVO
30%
TaylorSwiftVEVO
30%
EminemVEVO
20%
Fred
20%
HolaSoyGerman.
20%
5-MinuteCrafts
10%
CanalKondZilla
10%
EdSheeran
10%
elrubiusOMG
10%
freddiew
10%
JennaMarbles
10%
SETIndia
10%
ShaneDawsonTV
10%
ShaneDawsonTV2
10%
whinderssonnunes
10%
collegehumor
0%
DudePerfect
0%
FPSRussia
0%
kevjumba
0%
Machinima
0%
MysteryGuitarMan
0%
realannoyingorange
0%
WWE
0%
No matching quizzes found
Score Distribution
Percent of People with Each Score
Percentile by Number Answered
Your Score History
You have not taken this quiz